Handbook of discrete and computational geometry
שמור ב:
| Main Authors: | , |
|---|---|
| פורמט: | ספר |
| שפה: | אנגלית |
| יצא לאור: |
Boca Ratón
Chapman and Hall
2004
|
| מהדורה: | 2a. ed |
| סדרה: | Discrete Mathematics and its Applications
|
| נושאים: | |
| תגים: |
הוספת תג
אין תגיות, היה/י הראשונ/ה לתייג את הרשומה!
|
MARC
| LEADER | 00000cam a2200000 a 4500 | ||
|---|---|---|---|
| 001 | UCE5357 | ||
| 003 | CL-VaPUC | ||
| 008 | 141230e20040000us |||||||||||||||||eng|d | ||
| 020 | |a 1584883014 | ||
| 082 | 0 | 4 | |a 516.13 |b GOO |2 21 |
| 100 | |a Goodman, Jacob E |e author |9 577951 | ||
| 700 | 0 | |a O'Rourke, Joseph |e author |9 577952 | |
| 245 | 1 | 0 | |a Handbook of discrete and computational geometry |
| 250 | |a 2a. ed | ||
| 300 | |a 1539 p | ||
| 942 | |c BK | ||
| 945 | |d 20141230 16:04:00 |a dcastane | ||
| 260 | |a Boca Ratón |b Chapman and Hall |c 2004 | ||
| 650 | 7 | |a GEOMETRIA COMBINATORIA |2 CL-VaPUC |9 271062 | |
| 650 | 0 | |a Matemáticas discretas |9 390672 | |
| 583 | |a last modification |c 20141230 16:04:00 |k Rodrigo Vera | ||
| 490 | 0 | |a Discrete Mathematics and its Applications | |
| 999 | |c 358104 |d 358102 | ||
| 952 | |0 0 |1 0 |3 erd |4 0 |6 516_130000000000000_GOO_2004 |7 0 |8 A |9 466490 |a BIBING |b BIBING |i 5133165 |o 516.13 GOO 2004 |p 5133165 |r 2025-01-20 |w 2019-11-23 |y BK |z Catalogado en:20141230 |k CIC | ||